Personnages de stranger things - mort subite - Statistiques

Statistiques générales
  • Ce quiz a été pris 59 fois
  • Le résultat moyen est 12 sur 17
Answers on the Grid
Answers color-coded by a green-red scale on the quiz's grid according to % correct below.
Steve
Lucas
Tom
Dustin
Nancy
Metz
Robin
Robbie
Louis
Will
Jim
Eleven
Mike
Donald
Joyce
Max
Bonnie
Bob
Billy
Dart
Jonathan
John
Johnny
Timéo
Millie
Fred
Sadie
Holly
Caleb
Marie
 
Statistiques - réponses
Réponse % Correct
Steve
91%
Dustin
89%
Lucas
84%
Mike
84%
Nancy
84%
Will
84%
Max
82%
Billy
78%
Robin
76%
Eleven
71%
Jim
71%
Joyce
71%
Jonathan
64%
Holly
62%
Bob
49%
Dart
42%
Marie
7%
Aucun quiz correspondant
Distribution des résultats
% des personnes avec chaque résultat
Percentile par nombre de réponses
Votre historique - résultats
Vous n’avez pas pris ce quiz